[Event "ISR-ch Open 2018"]
[Site "Ma'alot-Tarshih"]
[Date "2018.12.16"]
[Round "5"]
[White "Libman, Guy"]
[Black "Lukin, Elisha"]
[Result "0-1"]
[WhiteElo "2299"]
[BlackElo "2280"]
[Annotator "NA"]
[PlyCount "120"]
[EventDate "2018.12.11"]
[EventType "swiss"]
[EventCountry "ISR"]
[SourceTitle "playchess.com"]
[Source "ChessBase"]
[SourceQuality "1"]
[TimeControl "40/5400+30:1800+30"]

1. c4 {[%emt 0:00:00]} c6 {[%emt 0:00:00]} 2. Nf3 {[%emt 0:00:06]} d5 {[%emt 0:00:14]} 3. e3 {[%emt 0:00:57]} Nf6 {[%emt 0:00:27]} 4. Qc2 {[%emt 0:00:38]} e6 {[%emt 0:00:57]} 5. Be2 {[%emt 0:00:39]} Bd6 {[%emt 0:00:10]} 6. d4 {[%emt 0:00:24]} dxc4 {[%emt 0:01:03]} 7. Bxc4 {[%emt 0:00:28]} Nbd7 {[%emt 0:00:31]} 8. Nbd2 {[%emt 0:00:35]} O-O {[%emt 0:00:41]} 9. O-O {[%emt 0:00:11]} Qe7 {[%emt 0:10:57]} 10. Bd3 {[%emt 0:00:20]} e5 {[%emt 0:01:02]} 11. Bf5 {[%emt 0:06:06]} exd4 {[%emt 0:06:07]} 12. Nxd4 {[%emt 0:02:23]} g6 {[%emt 0:04:21]} 13. Bh3 {[%emt 0:00:34]} Ne5 {[%emt 0:01:48]} 14. Bxc8 {[%emt 0:00:15]} Raxc8 {[%emt 0:00:09]} 15. N4f3 {[%emt 0:02:56]} Rfd8 {[%emt 0:03:19]} 16. b3 {[%emt 0:02:31]} Nd3 {[%emt 0:02:54]} 17. Bb2 {[%emt 0:01:50]} Nxb2 {[%emt 0:16:52]} 18. Qxb2 {[%emt 0:00:14]} b5 {[%emt 0:01:43]} 19. a4 {[%emt 0:02:47]} Nd5 {[%emt 0:05:15]} 20. Rfd1 {[%emt 0:07:05]} Bb4 {[%emt 0:07:28]} 21. Qc2 {[%emt 0:04:25]} Bc3 {[%emt 0:01:59]} 22. Rac1 {[%emt 0:02:30]} Bg7 {[%emt 0:00:23]} 23. Qc5 {[%emt 0:15:37]} Qxc5 {[%emt 0:01:04]} 24. Rxc5 {[%emt 0:00:07]} Nc3 {[%emt 0:06:04]} 25. Re1 {[%emt 0:00:18]} bxa4 {[%emt 0:01:31]} 26. bxa4 {[%emt 0:00:06]} Nxa4 {[%emt 0:00:47]} 27. Ra5 {[%emt 0:00:18]} Nb2 {[%emt 0:00:49]} 28. Rxa7 {[%emt 0:05:12]} c5 {[%emt 0:00:15]} 29. Nb3 {[%emt 0:05:22]} Nd3 {[%emt 0:03:47]} 30. Rd1 {[%emt 0:05:51]} c4 {[%emt 0:03:28]} 31. Nbd4 {[%emt 0:01:06]} c3 {[%emt 0:01:16]} 32. Nc2 {[%emt 0:00:56]} Nb4 {[%emt 0:01:23]} 33. Rxd8+ {[%emt 0:01:11]} Rxd8 {[%emt 0:00:10]} 34. Ncd4 {[%emt 0:00:12]} c2 {[%emt 0:05:39]} 35. Rc7 {[%emt 0:01:32]} Ra8 {[%emt 0:00:13]} 36. Nxc2 {[%emt 0:00:10]} Nxc2 {[%emt 0:00:16]} 37. g3 {[%emt 0:00:04]} Ra1+ {[%emt 0:02:13]} 38. Kg2 {[%emt 0:00:05]} Ra2 {[%emt 0:00:05]} 39. Kg1 {[%emt 0:00:32]} Bf6 {[%emt 0:01:03]} 40. Rc6 {[%emt 0:01:18]} Kg7 {[%emt 0:00:24]} 41. Rc4 {[%emt 0:31:03]} Rb2 {[%emt 0:32:48]} 42. Rc6 {[%emt 0:00:38]} Nb4 {[%emt 0:01:13]} 43. Rd6 {[%emt 0:02:14]} h6 {[%emt 0:00:46]} 44. Rd7 {[%emt 0:00:47]} Kf8 {[%emt 0:01:16]} 45. Rd6 {[%emt 0:03:30]} Ke7 {[%emt 0:00:25]} 46. Rd1 {[%emt 0:00:41]} Ke6 {[%emt 0:02:33]} 47. g4 {[%emt 0:02:59]} Ra2 {[%emt 0:01:10]} 48. Kg2 {[%emt 0:00:54]} Nd5 {[%emt 0:01:45]} 49. Rd3 {[%emt 0:01:54]} g5 {[%emt 0:00:00]} 50. h3 {[%emt 0:00:00]} Be5 {[%emt 0:00:00]} 51. Kg1 {[%emt 0:00:00]} Nf6 {[%emt 0:00:00]} 52. Nd2 {[%emt 0:00:00]} Ra1+ {[%emt 0:00:00]} 53. Kg2 {[%emt 0:00:00]} Rd1 {[%emt 0:00:00]} 54. Kf3 {[%emt 0:00:00]} Rh1 {[%emt 0:00:00]} 55. Nb3 {[%emt 0:00:00]} Rxh3+ {[%emt 0:00:00]} 56. Kg2 {[%emt 0:00:00]} Rh2+ {[%emt 0:00:00]} 57. Kg1 {[%emt 0:00:00]} Nxg4 {[%emt 0:00:00]} 58. Nc5+ {[%emt 0:00:00]} Kf5 {[%emt 0:00:00]} 59. Rd7 {[%emt 0:00:00]} Rxf2 {[%emt 0:00:00]} 60. Rxf7+ {[%emt 0:00:00]} Bf6 {[%emt 0:09:17]} 0-1

[Event "ISR-ch Open 2018"]
[Site "Ma'alot-Tarshih"]
[Date "2018.12.16"]
[Round "5"]
[White "Gershkowich, David"]
[Black "Chernomordik, Pavel"]
[Result "1/2-1/2"]
[WhiteElo "2193"]
[BlackElo "2277"]
[Annotator "NA"]
[PlyCount "26"]
[EventDate "2018.12.11"]
[EventType "swiss"]
[EventCountry "ISR"]
[SourceTitle "playchess.com"]
[Source "ChessBase"]
[SourceQuality "1"]
[TimeControl "40/5400+30:1800+30"]

1. d4 {[%emt 0:00:00]} g6 {[%emt 0:00:30]} 2. Nf3 {[%emt 0:00:00]} Bg7 {[%emt 0:00:03]} 3. c4 {[%emt 0:00:08]} d6 {[%emt 0:00:14]} 4. Nc3 {[%emt 0:00:08]} Nc6 {[%emt 0:00:46]} 5. e3 {[%emt 0:03:50]} e5 {[%emt 0:03:08]} 6. Be2 {[%emt 0:01:00]} exd4 {[%emt 0:03:39]} 7. Nxd4 {[%emt 0:01:42]} Nge7 {[%emt 0:01:01]} 8. Nf3 {[%emt 0:04:42]} Nf5 {[%emt 0:01:40]} 9. O-O {[%emt 0:03:23]} O-O {[%emt 0:00:14]} 10. Bd2 {[%emt 0:00:48]} Re8 {[%emt 0:01:02]} 11. Rc1 {[%emt 0:00:49]} b6 {[%emt 0:01:29]} 12. b3 {[%emt 0:00:29]} Bb7 {[%emt 0:02:04]} 13. Nd5 {[%emt 0:01:16]} Ne5 {[%emt 0:00:21]} 1/2-1/2

[Event "ISR-ch Open 2018"]
[Site "Ma'alot-Tarshih"]
[Date "2018.12.16"]
[Round "5"]
[White "Gleizer, Mark"]
[Black "Iliaguev, Nisim"]
[Result "0-1"]
[WhiteElo "2186"]
[BlackElo "2338"]
[Annotator "NA"]
[PlyCount "80"]
[EventDate "2018.12.11"]
[EventType "swiss"]
[EventCountry "ISR"]
[SourceTitle "playchess.com"]
[Source "ChessBase"]
[SourceQuality "1"]
[TimeControl "40/5400+30:1800+30"]

1. d4 {[%emt 0:00:00]} Nf6 {[%emt 0:00:00]} 2. c3 {[%emt 0:00:00]} g6 {[%emt 0:00:00]} 3. Bg5 {[%emt 0:00:00]} Bg7 {[%emt 0:00:00]} 4. Nd2 {[%emt 0:00:00]} d5 {[%emt 0:00:00]} 5. e3 {[%emt 0:00:13]} O-O {[%emt 0:00:05]} 6. Bd3 {[%emt 0:00:27]} c5 {[%emt 0:00:48]} 7. f4 {[%emt 0:01:07]} Qb6 {[%emt 0:05:00]} 8. Rb1 {[%emt 0:01:23]} Nc6 {[%emt 0:01:53]} 9. Qf3 {[%emt 0:08:45]} cxd4 {[%emt 0:06:27]} 10. exd4 {[%emt 0:00:19]} Qa5 {[%emt 0:00:51]} 11. a3 {[%emt 0:01:32]} Nh5 {[%emt 0:08:12]} 12. g4 {[%emt 0:02:55]} Nf6 {[%emt 0:00:39]} 13. h3 {[%emt 0:02:43]} Re8 {[%emt 0:10:32]} 14. Ne2 {[%emt 0:01:15]} Qb6 {[%emt 0:00:36]} 15. Bh4 {[%emt 0:05:31]} Bd7 {[%emt 0:02:52]} 16. g5 {[%emt 0:06:21]} Nh5 {[%emt 0:00:47]} 17. Qxd5 {[%emt 0:01:15]} Nb4 {[%emt 0:05:26]} 18. Qxd7 {[%emt 0:02:34]} Nxd3+ {[%emt 0:00:12]} 19. Kd1 {[%emt 0:01:06]} Ndxf4 {[%emt 0:01:56]} 20. Nxf4 {[%emt 0:03:52]} Nxf4 {[%emt 0:00:11]} 21. Bg3 {[%emt 0:00:57]} Rad8 {[%emt 0:01:59]} 22. Qa4 {[%emt 0:02:39]} Nh5 {[%emt 0:04:29]} 23. Bh2 {[%emt 0:02:11]} a6 {[%emt 0:16:30]} 24. Re1 {[%emt 0:02:02]} Qa7 {[%emt 0:04:17]} 25. Be5 {[%emt 0:08:23]} b5 {[%emt 0:04:08]} 26. Qa5 {[%emt 0:02:12]} f6 {[%emt 0:02:21]} 27. Bc7 {[%emt 0:06:23]} Rc8 {[%emt 0:01:37]} 28. gxf6 {[%emt 0:01:51]} exf6 {[%emt 0:00:47]} 29. Rxe8+ {[%emt 0:05:16]} Rxe8 {[%emt 0:00:02]} 30. Kc2 {[%emt 0:00:43]} Bh6 {[%emt 0:02:21]} 31. Rd1 {[%emt 0:00:55]} Qb7 {[%emt 0:02:44]} 32. a4 {[%emt 0:07:03]} Re2 {[%emt 0:04:37]} 33. axb5 {[%emt 0:01:19]} axb5 {[%emt 0:01:53]} 34. Kd3 {[%emt 0:07:02]} Qg2 {[%emt 0:05:02]} 35. c4 {[%emt 0:00:18]} bxc4+ {[%emt 0:01:40]} 36. Kxc4 {[%emt 0:00:42]} Bxd2 {[%emt 0:00:55]} 37. Qd5+ {[%emt 0:01:00]} Qxd5+ {[%emt 0:00:06]} 38. Kxd5 {[%emt 0:00:19]} Bf4 {[%emt 0:00:32]} 39. Bd6 {[%emt 0:02:12]} f5 {[%emt 0:01:00]} 40. b4 {[%emt 0:01:54]} Nf6+ {[%emt 0:00:21]} 0-1

[Event "ISR-ch Open 2018"]
[Site "Ma'alot-Tarshih"]
[Date "2018.12.16"]
[Round "5"]
[White "Kupervaser, Erez"]
[Black "Kobo, Ori"]
[Result "0-1"]
[WhiteElo "2168"]
[BlackElo "2494"]
[Annotator "ChessBase"]
[PlyCount "60"]
[EventDate "2018.12.11"]
[EventType "swiss"]
[EventCountry "ISR"]
[SourceTitle "playchess.com"]
[Source "ChessBase"]
[SourceQuality "1"]
[TimeControl "40/5400+30:1800+30"]

1. e4 {[%emt 0:00:00]} g6 {[%emt 0:00:04]} 2. d4 {[%emt 0:00:06]} Bg7 {[%emt 0:00:09]} 3. Nc3 {[%emt 0:00:05]} d6 {[%emt 0:00:18]} 4. Be3 {[%emt 0:00:34]} Nf6 {[%emt 0:00:44]} 5. f3 {[%emt 0:00:06]} c6 {[%emt 0:00:13]} 6. Qd2 {[%emt 0:00:39]} b5 {[%emt 0:00:25]} 7. Nge2 {[%emt 0:01:42]} Nbd7 {[%emt 0:02:36]} 8. Bh6 {[%emt 0:01:12]} Bxh6 {[%emt 0:01:18]} 9. Qxh6 {[%emt 0:00:03]} Qa5 {[%emt 0:05:21]} 10. Nc1 {[%emt 0:01:26]} Bb7 {[%emt 0:08:53]} 11. Nb3 {[%emt 0:04:29]} Qc7 {[%emt 0:00:26]} 12. Qe3 {[%emt 0:08:37]} a5 {[%emt 0:09:19]} 13. a4 {[%emt 0:01:00]} b4 {[%emt 0:00:15]} 14. Nb1 {[%emt 0:02:43]} e5 {[%emt 0:03:05]} 15. dxe5 {[%emt 0:02:54]} Nxe5 {[%emt 0:01:34]} 16. N1d2 {[%emt 0:03:34]} O-O {[%emt 0:02:41]} 17. O-O-O {[%emt 0:02:27]} Rfe8 {[%emt 0:14:41]} 18. h4 {[%emt 0:04:49]} h5 {[%emt 0:05:18]} 19. Qg5 {[%emt 0:07:08]} Kg7 {[%emt 0:06:31]} 20. Nd4 {[%emt 0:09:23]} Nh7 {[%emt 0:00:05]} 21. Qf4 {[%emt 0:00:17]} d5 {[%emt 0:03:15]} 22. Kb1 {[%emt 0:00:30]} Nf6 {[%emt 0:01:30]} 23. Qg5 {[%emt 0:04:19]} Nh7 {[%emt 0:00:06]} 24. Qf4 {[%emt 0:00:04]} Rad8 {[%emt 0:05:45]} 25. Be2 {[%emt 0:03:22]} Nf6 {[%emt 0:05:43]} 26. Qg5 {[%emt 0:01:00]} Bc8 {[%emt 0:01:20]} 27. Nf5+ {[%emt 0:02:34]} Bxf5 {[%emt 0:00:06]} 28. exf5 {[%emt 0:00:06]} Ned7 {[%emt 0:01:16]} 29. Ne4 {[%emt 0:13:53]} dxe4 {[%emt 0:00:31]} 30. fxg6 {[%emt 0:00:08]} fxg6 {[%emt 0:01:05]} 0-1

[Event "ISR-ch Open 2018"]
[Site "Ma'alot-Tarshih"]
[Date "2018.12.17"]
[Round "6"]
[White "Smirin, Ilia"]
[Black "Greenfeld, Alon"]
[Result "1-0"]
[WhiteElo "2609"]
[BlackElo "2504"]
[Annotator "TA"]
[PlyCount "81"]
[EventDate "2018.12.12"]
[EventType "swiss"]
[EventCountry "ISR"]
[SourceTitle "playchess.com"]
[Source "ChessBase"]
[SourceQuality "1"]

{[%evp 26,81,51,46,58,33,36,21,32,26,40,46,43,-18,-32,-24,-27,-18,0,-41,0,0,0,0,0,0,0,-9,9,5,57,45,94,96,87,93,135,137,143,143,140,140,139,138,141,135,147,149,162,143,183,150,243,250,393,394,372,372]} 1. e4 c5 2. Nf3 d6 3. d4 cxd4 4. Nxd4 Nf6 5. Nc3 Nc6 6. Bg5 e6 7. Qd2 Be7 8. O-O-O a6 9. f4 Bd7 10. Nf3 b5 11. Bxf6 gxf6 12. Kb1 Qb6 13. Bd3 O-O-O {B69: Sicilian: Richter-Rauzer: 7...a6 8 0-0-0 Bd7 9 f4 Be7 10 Nf3 b5 11 Bxf6} 14. Rhe1 {LiveBook: 11 Games} Rhe8 $146 ({Predecessor:} 14... Kb8 15. g3 Bc8 16. f5 h5 17. Ne2 Ne5 18. Rf1 d5 19. exd5 Nxd3 20. cxd3 e5 21. d4 Rxd5 {½-½ (57) Asadli,V (2470)-Bashirli,N (2391) Baku 2018}) 15. Re3 Kb8 {White is slightly better.} 16. Bf1 Bc8 17. Qe1 Bb7 18. a4 {[%cal Ra4b5]} b4 19. Na2 (19. Nd5 $1 $14 exd5 20. exd5) 19... d5 {White must now prevent ...dxe4.} 20. exd5 Na5 $36 {[%mdl 2048] Black fights for an advantage.} 21. b3 Rxd5 22. Red3 Red8 23. Qh4 Rxd3 24. Bxd3 {[#]} Be4 $1 {[%mdl 576] aiming for ...Nxb3! Pin} 25. Nc1 (25. Bxe4 Rxd1+) 25... Qc7 26. Qf2 Bb7 27. f5 exf5 (27... e5 $11 28. Re1 Qc5) 28. Qe2 $14 Bc5 29. Bxf5 Rxd1 30. Qxd1 h6 31. Nd3 Bf8 32. Qe1 Qe7 33. Qg3+ Qd6 34. Qh4 Nc6 {[#]} 35. Be4 $1 f5 36. Bxf5 Bg7 {[#]} 37. Be4 $1 a5 38. Kc1 Kc7 (38... f5 $16 {might work better.}) 39. Qh5 $18 Qf6 (39... Ba6 {keeps fighting.} 40. Qxf7+ {[%mdl 64] Double Attack} Qe7 41. Qf4+ Qd6) 40. Bxc6 Qa1+ 41. Kd2 {Accuracy: White = 63%, Black = 47%.} 1-0

[Event "ISR-ch Open 2018"]
[Site "Ma'alot-Tarshih"]
[Date "2018.12.17"]
[Round "6"]
[White "Mikhalevski, Victor"]
[Black "Postny, Evgeny"]
[Result "1/2-1/2"]
[WhiteElo "2579"]
[BlackElo "2615"]
[Annotator "TA"]
[PlyCount "144"]
[EventDate "2018.12.12"]
[EventType "swiss"]
[EventCountry "ISR"]
[SourceTitle "playchess.com"]
[Source "ChessBase"]
[SourceQuality "1"]

{[%evp 21,144,9,10,-14,42,37,41,41,43,41,40,37,55,52,54,47,50,46,46,35,39,39,39,39,45,32,62,45,62,43,54,50,54,54,77,75,94,79,92,92,94,94,92,92,91,86,85,69,78,78,78,78,79,79,115,79,99,79,158,118,134,79,79,74,176,180,176,141,129,116,119,110,129,129,129,129,112,48,129,129,129,73,235,212,194,129,129,129,129,129,129,129,129,73,73,73,73,73,73,73,73,73,73,73,73,73,73,0,73,73,73,73,73,73,73,64,64,64,64,64,64,29,29,29,64]} 1. d4 d5 2. c4 c6 3. Nf3 Nf6 4. Nc3 a6 5. a4 e6 6. g3 dxc4 7. Bg2 c5 8. O-O Nc6 {D15: Slav Defence: 4 Nc3 a6 and gambit lines after 4 Nc3 dxc4} 9. Ne5 Na5 10. dxc5 Qxd1 11. Rxd1 Bxc5 {LiveBook: 6 Games} 12. Bd2 {Ne4 is the strong threat.} Bd4 (12... O-O $1 $11) 13. Ne4 $14 Bxe5 14. Bxa5 Nd5 {[#]} 15. Nc3 $146 ({Predecessor:} 15. Rac1 b6 16. Be1 {1-0 (46) Adhiban,B (2670)-Degtiarev,E (2412) Douglas 2017}) 15... Bxc3 16. bxc3 Bd7 17. Bxd5 exd5 18. Rxd5 f6 19. Bb6 Rc8 20. a5 Bb5 21. f3 Kf7 22. Kf2 Rhe8 23. g4 Re7 24. Rad1 h6 25. h4 Rce8 26. e4 Re5 27. h5 Rxd5 28. exd5 {[%mdl 4096] Endgame KRB-KRB} f5 29. Bc7 fxg4 30. fxg4 Ke7 31. Be5 Kf7 32. Bd6 Rd8 33. Bc7 Rc8 34. d6 Rf8 35. Kg3 {aiming for d7.} Bd7 36. Rd4 Re8 {...Re3+ would now be nice for Black.} 37. Rxc4 Re5 38. Rf4+ Ke6 39. c4 Re2 (39... Re3+ $142 40. Kf2 Re5) 40. Kf3 $16 Re1 41. Kf2 ({Better is} 41. Bb6 $1) 41... Re5 42. Rd4 Rg5 (42... Kf6 $16 {is a better defense.}) 43. Re4+ $1 $18 Re5 44. Rf4 $1 Rg5 45. Bd8 Re5 46. Be7 Rxa5 47. Bf8 $1 Rg5 48. Kg3 $1 Bc6 49. Rf1 (49. Rf2 $16) 49... Be8 ({Black should play} 49... b6 $1 $14) 50. Kh4 $16 Bc6 {[#]} 51. Rf2 (51. Re1+ $142 $1 Re5 52. Rxe5+ Kxe5 53. Bxg7+ Kxd6 54. Bxh6) 51... Ba4 $2 (51... a5 $16) 52. Re2+ $18 Re5 {[#]} 53. Rxe5+ (53. Ra2 $1 $18 {[%cal Ra2a4]} Bd7 54. Bxg7 {[%mdl 64] Double Attack}) 53... Kxe5 $16 54. Bxg7+ {[%mdl 64] Double Attack} Kxd6 55. Bxh6 $18 {Threatens to win with g5. KB-KB} Ke6 56. Be3 Bd1 57. Bd4 (57. Bb6 $142) 57... a5 $16 58. Kg5 a4 59. Bb2 Be2 60. c5 Bd1 61. Kh4 Be2 62. Ba3 Bd1 63. Kg5 Be2 64. Kh4 Bd1 65. Kh3 Be2 66. Kg3 Bd1 67. Kf4 Be2 68. h6 Bd3 69. Ke3 Bb1 70. Kd4 Kf7 71. Kc3 Kg6 72. Bc1 Be4 {Accuracy: White = 67%, Black = 56%.} 1/2-1/2

[Event "ISR-ch Open 2018"]
[Site "Ma'alot-Tarshih"]
[Date "2018.12.17"]
[Round "6"]
[White "Zanan, Evgeny"]
[Black "Steinberg, Nitzan"]
[Result "1/2-1/2"]
[WhiteElo "2521"]
[BlackElo "2532"]
[Annotator "TA"]
[PlyCount "126"]
[EventDate "2018.12.12"]
[EventType "swiss"]
[EventCountry "ISR"]
[SourceTitle "playchess.com"]
[Source "ChessBase"]
[SourceQuality "1"]

{[%evp 13,126,31,16,-10,-7,0,-10,-13,3,-21,-14,-25,-39,-72,-62,-50,-76,-77,-24,-69,-43,-76,-57,-62,-44,-70,-46,-31,-42,-34,-35,-33,-33,-35,-29,-41,-42,-39,-10,-20,-20,-16,0,0,0,0,0,0,0,-13,-17,-17,-16,-19,-19,-19,-19,-19,-8,-8,-8,-8,-8,-8,-8,-8,-8,-8,-8,-8,-8,-29,-8,-8,-8,-8,-8,-8,-8,-8,-8,-8,-8,-8,-8,-8,-8,-8,-8,-8,-8,-8,-8,-8,-8,-8,-8,-8,-8,-8,-8,-8,-8,-8,-8,-8,-8,-8,-8,-8,-8,-8,-8,-8,-8]} 1. d4 d5 2. c4 c6 3. Nf3 Nf6 4. g3 dxc4 5. Bg2 g6 6. O-O {D11: Slav Defence: 3 Nf3 sidelines and 3...Nf6 4 e3 Bg4} Bg7 7. a4 Ne4 {LiveBook: 39 Games} (7... Na6 8. Na3 Be6 9. Ng5 Qd7 10. Nxe6 Qxe6 11. e3 Ne4 12. Qc2 Nd6 13. Bd2 O-O 14. Rac1 {1-0 (43) Dubov,D (2701)-Volokitin,A (2639) Batumi 2018}) 8. Nc3 Nd6 9. e4 Bg4 10. Be3 O-O 11. Qe2 $146 ({Predecessor:} 11. Qd2 Nd7 12. Ng5 e5 13. h3 {1-0 (25) Baron,T (2530)-Boruchovsky,A (2558) Jerusalem 2018}) 11... e5 12. dxe5 Bxe5 13. h3 Bxf3 $1 14. Bxf3 Na6 15. Bg2 Qe7 (15... Qa5 $17) 16. Rad1 Rfe8 17. Bd4 Bxd4 18. Rxd4 Nc5 19. Rfd1 Rad8 {[#] ...Nb3 is the strong threat.} 20. e5 $1 {[%cal Rd4d6][%mdl 512]} Nf5 (20... Qxe5 21. Qxe5) 21. Rxd8 Rxd8 22. Rxd8+ Qxd8 23. Qxc4 Qd4 24. Qxd4 Nxd4 $11 {[%mdl 4096] Endgame KBN-KNN} 25. f4 Nd3 26. Nd1 $1 Ne2+ 27. Kh2 a5 28. Bf1 Nec1 29. Kg2 Nc5 30. Nc3 $1 N1d3 31. Bxd3 Nxd3 {KN-KN} 32. Nd1 $1 b5 33. axb5 cxb5 {Black wants to play ...b4.} 34. Nc3 Nxb2 {aiming for ...b4.} 35. Nxb5 f6 36. exf6 Kf7 37. Kf3 a4 38. Na3 Kxf6 39. Ke3 Nd1+ 40. Ke2 Nc3+ 41. Kd3 Nd5 42. Kd4 Ke6 43. Nc4 {The position is equal.} h5 44. Ke4 Nc3+ 45. Kd3 Nb5 {White should prevent ...a3.} 46. g4 $1 a3 47. Kc2 $1 Nd4+ 48. Kb1 Ne2 49. gxh5 gxh5 (49... a2+ {is more complex.} 50. Kxa2 gxh5 51. h4 Kf5 52. Kb3 Kg4) 50. Nxa3 Kf5 51. Kc2 Kxf4 {Threatening ...Ng1.} ({Much less strong is} 51... Nxf4 52. Kd2 $17) 52. Kd2 Ng1 53. h4 Kg3 54. Ke1 Kg2 55. Nc4 Nf3+ 56. Ke2 Nxh4 57. Ne5 Nf5 58. Ng6 Kg3 59. Kf1 Ne3+ 60. Kg1 Nd5 61. Kh1 Kg4 62. Kh2 h4 {[#]} 63. Nxh4 $1 {[%mdl 512]} Kxh4 {Accuracy: White = 85%, Black = 70%.} 1/2-1/2

[Event "ISR-ch Open 2018"]
[Site "Ma'alot-Tarshih"]
[Date "2018.12.17"]
[Round "6"]
[White "Kobo, Ori"]
[Black "Gruenfeld, Yehuda"]
[Result "1/2-1/2"]
[WhiteElo "2494"]
[BlackElo "2421"]
[Annotator "TA"]
[PlyCount "126"]
[EventDate "2018.12.12"]
[EventType "swiss"]
[EventCountry "ISR"]
[SourceTitle "playchess.com"]
[Source "ChessBase"]
[SourceQuality "1"]

{[%evp 28,126,12,18,12,6,30,0,26,29,42,62,111,28,35,0,0,2,0,0,0,0,25,25,29,29,29,29,28,29,53,28,55,55,55,53,76,80,80,77,75,70,86,84,79,57,115,93,88,65,80,8,80,65,80,65,187,0,187,0,0,0,0,0,0,0,0,0,0,0,0,0,0,0,0,0,0,0,0,0,0,0,0,0,0,0,0,0,0,0,0,0,0,0,0,0,0,0,0,0,0]} 1. Nf3 Nf6 2. c4 e6 3. g3 d5 4. Bg2 Be7 5. O-O O-O 6. d4 dxc4 7. Qc2 a6 8. a4 Bd7 9. Rd1 Bc6 10. Nc3 Bxf3 11. Bxf3 Nc6 12. Bxc6 bxc6 13. Bg5 {E05: Open Catalan: 5 Nf3 Be7} Rb8 14. e3 a5 15. Qe2 {[#] LiveBook: 3 Games} Rb4 $146 ({Predecessor:} 15... Nd7 16. Bxe7 Qxe7 17. Qxc4 c5 18. Rd2 Rb4 19. Qe2 c6 20. Rad1 c4 21. Qh5 Ra8 22. Qf3 Rc8 23. Qh5 Ra8 24. Qf3 Rc8 25. Qh5 {½-½ (25) Bu,X (2698)-Jakovenko,D (2709) Novi Sad 2016}) 16. Na2 {Hoping for Bxf6.} Rb6 ({Not} 16... Rxa4 $2 17. Bxf6 (17. Qc2 Rxa2 18. Rxa2 Bb4 $18) 17... gxf6 18. Qc2 $18) 17. Bxf6 gxf6 18. Rac1 f5 19. Rxc4 Qd7 20. Rdc1 (20. Nc1 $1 $16) 20... Rfb8 $11 21. R1c2 c5 22. Nc1 cxd4 23. exd4 Bf6 24. Nd3 c6 25. Ne5 Bxe5 $1 26. Qxe5 Rxb2 27. Rxc6 Rb1+ 28. Kg2 Rd8 $1 29. R2c4 Qd5+ 30. Qxd5 Rxd5 $14 {[%mdl 4096] Endgame KRR-KRR} 31. R6c5 Rd1 32. Rxd5 exd5 $16 {KR-KR} 33. Rc5 Rxd4 34. Rxa5 f4 35. g4 Kg7 36. Kf3 Kf6 (36... f5 $14) 37. h4 Ke5 38. Ra7 Rd3+ $1 {[#]} 39. Ke2 (39. Kg2 $1 $16) 39... Rh3 (39... Ra3 $11 {keeps the balance.}) 40. Rxf7 Rxh4 41. Rf5+ Ke4 (41... Kd6 $1 $14) 42. f3+ $18 Kd4 {[#]} 43. Rxf4+ $2 (43. Rh5 $1 $18 {[%cal Rh5h4]} Rxh5 44. gxh5) 43... Kc3 $1 $11 {The position is equal.} 44. Ke3 {Black must now prevent Rf5.} Rh6 45. Rf7 d4+ 46. Ke4 {Threatens to win with Rc7+.} d3 47. Rc7+ Kd2 48. Rd7 Re6+ 49. Kf5 Ra6 50. Rxh7 Ra5+ 51. Kf4 Rxa4+ 52. Kg3 Kc3 53. Kf2 Ra2+ 54. Ke3 {And now Rc7+ would win.} Re2+ 55. Kf4 d2 56. Rc7+ Kb2 57. Rd7 Kc2 58. Rc7+ Kb2 59. Rd7 Kc2 60. g5 Rg2 61. Rc7+ Kd3 62. Kf5 Ke3 (62... d1=Q $5 63. Rd7+ $8 Kc2 64. Rxd1 Kxd1 $11) 63. Rd7 Kxf3 {Accuracy: White = 64%, Black = 50%.} 1/2-1/2

[Event "ISR-ch Open 2018"]
[Site "Ma'alot-Tarshih"]
[Date "2018.12.17"]
[Round "6"]
[White "Mindlin, Alon"]
[Black "Baron, Tal"]
[Result "1/2-1/2"]
[WhiteElo "2472"]
[BlackElo "2532"]
[Annotator "TA"]
[PlyCount "89"]
[EventDate "2018.12.12"]
[EventType "swiss"]
[EventCountry "ISR"]
[SourceTitle "playchess.com"]
[Source "ChessBase"]
[SourceQuality "1"]

{[%evp 43,89,40,85,0,9,0,0,0,0,0,0,0,-1,-172,-177,-1060,-1052,-1027,-1042,-985,-906,-968,0,0,0,0,0,0,0,0,0,0,0,0,0,0,0,0,0,0,0,0,0,0,0,0,0,0]} 1. d4 d5 2. c4 c6 3. Nf3 Nf6 4. Nc3 e6 5. Bg5 dxc4 6. e4 b5 7. e5 h6 8. Bh4 g5 9. Nxg5 hxg5 10. Bxg5 Nbd7 11. exf6 Bb7 12. g3 Qb6 13. Bg2 O-O-O 14. O-O c5 15. d5 b4 16. Rb1 Qa6 17. dxe6 Bxg2 18. e7 Bxf1 19. Kxf1 {D44: Semi-Slav: Botvinnik System} Bxe7 20. fxe7 Rdg8 21. Ne4 Rxg5 22. Nxg5 Re8 $1 {LiveBook: 9 Games} 23. Nxf7 {[#]} (23. Qd5 $16 Rxe7 24. Kg1 (24. Nxf7 Kc7 $11)) 23... c3+ $146 ({Predecessor:} 23... Rxe7 24. Qd6 Qxa2 25. Qc6+ Kb8 26. Qd6+ Kc8 27. Qc6+ Kb8 28. Qd6+ Kc8 {½-½ (28) Yuffa,D (2522)-Shirov,A (2631) Moscow 2017}) 24. Kg1 Rxe7 25. Nd6+ Kc7 26. Nf5 Rf7 $1 {[%cal Rf7f5]} 27. Ne3 {Hoping for a3!} Qxa2 28. Ra1 $2 (28. Qc2 $11 {and White is okay.}) 28... Qxb2 $19 29. Nc2 $2 (29. f4 Qd2 30. Rxa7+ Kd8 31. Qf3 Qc1+ 32. Nf1) 29... b3 30. Rxa7+ Kb8 31. Ra6 Kb7 ({Worse is} 31... bxc2 32. Qd6+ Kc8 33. Ra8+ Nb8 34. Qc6+ Kd8 35. Qd6+ Kc8 36. Qc6+ Kd8 37. Qd6+ Kc8 $11) 32. Qd6 {[#]} Rf6 $2 (32... Qc1+ $1 $19 33. Kg2 {[#]} Rxf2+ $1 {[%mdl 512]} 34. Kxf2 Qd2+ 35. Qxd2 cxd2) 33. Qxd7+ $11 {The position is equal.} Kxa6 {[%mdl 4096] Endgame KQR-KQN} 34. Qc8+ Kb6 35. Qd8+ Kb5 36. Qd7+ Rc6 37. Qb7+ Rb6 38. Qd7+ Ka6 (38... Ka5 $5 39. Qa7+ $8 Kb5 40. Qd7+ Ka6 41. Qa4+ Kb7 42. Qd7+ Ka8 43. Qc8+ Ka7 44. Qc7+ Rb7 45. Qa5+ Kb8 46. Qd8+ Ka7 47. Qa5+ {[%mdl 64] Double Attack} Kb8 48. Qd8+ Ka7 49. Qa5+ $11 {[%mdl 64] Double Attack}) 39. Qa4+ Kb7 40. Qd7+ Kb8 41. Qd8+ Ka7 42. Qc7+ Ka6 43. Qc8+ Rb7 44. Qc6+ Ka7 45. Qxc5+ {Accuracy: White = 55%, Black = 64%.} 1/2-1/2